MARC details
| 000 -CABECERA |
| campo de control de longitud fija |
01079nam a2200289 a 4500 |
| 001 - NÚMERO DE CONTROL |
| campo de control |
000001870 |
| 005 - FECHA Y HORA DE LA ÚLTIMA TRANSACCIÓN |
| campo de control |
20200929145735.0 |
| 008 - DATOS DE LONGITUD FIJA--INFORMACIÓN GENERAL |
| campo de control de longitud fija |
791105s1996 ag a b 000 0 spa d |
| 020 ## - NÚMERO INTERNACIONAL ESTÁNDAR DEL LIBRO |
| Número Internacional Estándar del Libro |
0201653729 |
| 040 ## - FUENTE DE LA CATALOGACIÓN |
| Centro catalogador/agencia de origen |
DO-SdBNP |
| Lengua de catalogación |
spa |
| Centro/agencia transcriptor |
BNPHU |
| 082 ## - NÚMERO DE LA CLASIFICACIÓN DECIMAL DEWEY |
| Número de clasificación |
001.6424 |
| Número de documento/Ítem |
G874p |
| 049 ## - FONDOS LOCALES (OCLC) |
| Fondos de biblioteca |
BNGR |
| 100 1# - ENTRADA PRINCIPAL--NOMBRE DE PERSONA |
| Nombre de persona |
Grogono, Peter. |
| 9 (RLIN) |
6104 |
| 245 10 - MENCIÓN DE TÍTULO |
| Título |
Programación en Pascal / |
| Mención de responsabilidad, etc. |
Peter Grogono ; versión en español de Gabriel Guerrero ; colaboración de Abdon Sánchez, Roberto Escalona. |
| 250 ## - MENCIÓN DE EDICIÓN |
| Mención de edición |
Edición revisada |
| 260 ## - PUBLICACIÓN, DISTRIBUCIÓN, ETC. |
| Lugar de publicación, distribución, etc. |
Argentina : |
| Nombre del editor, distribuidor, etc. |
Addison-Wesley Iberoamericana, |
| Fecha de publicación, distribución, etc. |
1996. |
| 300 ## - DESCRIPCIÓN FÍSICA |
| Extensión |
xi, 385 p. : |
| Otras características físicas |
il. ; |
| Dimensiones |
23 cm. |
| 500 ## - NOTA GENERAL |
| Nota general |
Versión en español de Gabriel Guerrero |
| 534 ## - NOTA SOBRE LA VERSIÓN ORIGINAL |
| Encabezamiento principal del original |
Título original: |
| Mención de título del original |
Programming in Pascal |
| 650 #4 - PUNTO DE ACCESO ADICIONAL DE MATERIA--TÉRMINO DE MATERIA |
| Término de materia o nombre geográfico como elemento de entrada |
Pascal (lenguaje de programación para computadores) |
| 9 (RLIN) |
6105 |
| 650 #4 - PUNTO DE ACCESO ADICIONAL DE MATERIA--TÉRMINO DE MATERIA |
| Término de materia o nombre geográfico como elemento de entrada |
Programación (computadores electrónicos) |
| 9 (RLIN) |
3871 |
| 650 #4 - PUNTO DE ACCESO ADICIONAL DE MATERIA--TÉRMINO DE MATERIA |
| Término de materia o nombre geográfico como elemento de entrada |
Lenguajes de programación (computadores electrónicos) |
| 9 (RLIN) |
6106 |
| 700 1# - PUNTO DE ACCESO ADICIONAL--NOMBRE DE PERSONA |
| Nombre de persona |
Guerrero, Gabriel |
| 9 (RLIN) |
6107 |
| 700 1# - PUNTO DE ACCESO ADICIONAL--NOMBRE DE PERSONA |
| Nombre de persona |
Sánchez, Abdon |
| 9 (RLIN) |
6108 |
| 700 1# - PUNTO DE ACCESO ADICIONAL--NOMBRE DE PERSONA |
| Nombre de persona |
Escalona, Roberto |
| 9 (RLIN) |
6109 |
| 910 ## - DATOS DE OPCIÓN DEL USUARIO (OCLC) |
| Datos de opción del usuario |
WM |